| 000 | 00494nam a2200181Ia 4500 | ||
|---|---|---|---|
| 008 | 240729s9999 xx 000 0 und d | ||
| 022 | _a2531-0437 | ||
| 245 | 0 | _aPulmonology | |
| 260 | _aSpain | ||
| 260 | _bElsevier España | ||
| 650 | _a Diseases of the respiratory system | ||
| 650 | _a Internal medicine | ||
| 650 | _a Specialties of internal medicine | ||
| 650 | _aMedicine | ||
| 856 | _uhttps://doaj.org/toc/258a8055ff544b7d8e0dc065ee081488 | ||
| 942 | _2ddc | ||
| 942 | _cDOAJEJ | ||
| 999 |
_c66352 _d66352 |
||
| 945 |
_a1 _bMadushi Gamage _c1 _dMadushi Gamage |
||